Normal view
MARC view
Entry Topical Term
001 - CONTROL NUMBER
- control field: 55377
003 - CONTROL NUMBER IDENTIFIER
- control field: dpl
005 - DATE AND TIME OF LATEST TRANSACTION
- control field: 20230828115851.0
008 - FIXED-LENGTH DATA ELEMENTS
- fixed length control field: 230828|| aca||aabn | a|a d
040 ## - CATALOGING SOURCE
- Original cataloging agency: dpl
- Transcribing agency: dpl
150 ## - HEADING--TOPICAL TERM
- Form subdivision:
670 ## - SOURCE DATA FOUND
- Source citation: Work cat.: (dpl)197574: पाण्डेय, बी एन 55375, प्रयोजनमूलक हिंदी /, 2023
